| 000 | 01661cas a2200433 a 4500 | ||
|---|---|---|---|
| 001 | 11162303 | ||
| 005 | 20180227082950.0 | ||
| 008 | 760922c19729999ilugr 0 a0eng c | ||
| 010 | _a 70160417 | ||
| 016 | 7 |
_a000260624 _2IsJJNL |
|
| 022 | 0 |
_a0362-076X _21 |
|
| 035 | _a(OCoLC)ocm02456882 | ||
| 040 |
_aCOO _beng _cCOO _dNSD _dDLC _dOCL _dDLC _dOCL _dNST _dNSD _dNST _dHUL _dOCL _dNST _dOCL _dNST _dOCL _dNST _dOCL _dNST _dDLC _dNST _dGUA _dOCL _dIUL _dOCL _dAGL _dHUL _dSYS _dOCL _dCLU _dGUA _dCO3 _dOCLCQ _dCUS _dCGU _dEYP _dDLC _dQS8 _dYDXCP _dOCLCF _dJ9U _dN15 _dYU0 _dOCLCO _dCOD _dOCLCO _dOCL _dI8M _dOCLCQ _dCSJ _dOCLCO _dOCLCQ _dOCLCO |
||
| 041 | _aeng | ||
| 042 |
_ansdp _apcc |
||
| 043 | _an-us--- | ||
| 070 | 0 |
_aJK1012 _b.A4 |
|
| 080 | _a328.73005 BAR | ||
| 082 | 0 | 0 |
_a328.73005 BAR _222 |
| 100 | _a20 | ||
| 101 | _aPOL | ||
| 210 | 0 | _aAlm. Am. polit. | |
| 222 | 4 | _aThe Almanac of American politics | |
| 245 | 0 | 4 | _aThe Almanac of American politics. |
| 310 | _aBiennial | ||
| 362 | 0 | _a1972- | |
| 590 | _aSERBIB/SERLOC merged record | ||
| 648 | 7 |
_aSince 1945 _2fast |
|
| 776 | 0 | 8 |
_iOnline version: _tAlmanac of American politics _x2328-5257 _w(DLC) 2013200874 _w(OCoLC)298724562 |
| 906 |
_a7 _bcbc _cserials _d3 _encip _f19 _gn-oclcserc |
||
| 942 |
_2ddc _cBK |
||
| 999 |
_c43630 _d43630 |
||